Catalog

Record Details

Catalog Search



Available copies

  • 1 of 1 copy available at LARL/NWRL Consortium. (Show)
  • 1 of 1 copy available at Lake Agassiz Regional Library.

Current holds

0 current holds with 1 total copy.

Show Only Available Copies
Location Call Number / Copy Notes Barcode Shelving Location Status Due Date
Crookston Public Library W FOR (Text) 33500009957655 Main Available -

Record details

  • ISBN: 9781405682312 (hbk.)
  • ISBN: 1405682310 (hbk.)
  • Physical Description: 127 p. ; 20 cm.
  • Publisher: Bath : Gunsmoke, 2008.
Genre: Western stories.
LDR 00854cam a22002778a 4500
001100708
003LARL_NWRL_CONSORTIUM
00520090206164125.0
008080714s2008 enk 000 f eng
015 . ‡aGBA8A5811 ‡2bnb
0167 . ‡a014708477 ‡2Uk
020 . ‡a9781405682312 (hbk.)
020 . ‡a1405682310 (hbk.)
035 . ‡a(OCoLC)245564262
040 . ‡aUKM ‡cUKM ‡dCBL
08204. ‡a813.54 ‡222
1001 . ‡aForeman, L. L. ‡q(Leonard London), ‡d1901- ‡0(LARL_NWRL_CONSORTIUM)141226
24510. ‡aFarewell to Texas / ‡cL.L. Foreman.
260 . ‡aBath : ‡bGunsmoke, ‡c2008.
300 . ‡a127 p. ; ‡c20 cm.
655 7. ‡aWestern stories. ‡2gsafd
901 . ‡a100708 ‡bOCLC ‡c100708 ‡tbiblio

Additional Resources